00643nam a2200205 a 450000100060000000300090000600800410001502000150005604000280007108200150009910000180011424501230013225000060025526000350026130000110029649000230030765000200033065000220035070000650037224693CO-ViMGA141112s2004 ck r 000 u spa d a8437613671 aCO-ViMGAbspacCO-ViMGA04a882.4 A74n1 aAristófanes10aLas Nubes, las Ranas, Pluto / cedición y traducción de Francisco Rodríguez Adrados y Juan Rodríguez Somolinos a3 aEspaña : bCátedra, c2001 a263 p. aLetras universales14aComedia griega 14aLiteratura griega1 aRodríguez Adrados, Francisco ; Rodríguez Somolinos, Juan